Marilah kita bersolat

Bibliographic Details
Format: Book
Published: Kuala Lumpur : Al-Mehrab ePublisher , [200?]
Subjects:

MARC

LEADER 00000cam a2200000 7i4500
001 0000007714
005 20071206.0
008 070906
020 |a 9832625351 
090 0 0 |a JF   |b REG MAL (8625) 
245 1 0 |a Marilah kita bersolat 
260 |a Kuala Lumpur :   |b Al-Mehrab ePublisher ,   |c [200?] 
300 |a 1 Audio compact disc 
650 0 |a Islamic   |x Prayer 
999 |a 0000991006   |b Book   |c REFERENCE   |e Perbadanan Perpustakaan Awam Johor 
999 |a 0000991007   |b Book   |c REFERENCE   |e Perbadanan Perpustakaan Awam Johor 
999 |a 0000991008   |b Book   |c REFERENCE   |e Perbadanan Perpustakaan Awam Johor 
999 |a 0000991009   |b Book   |c REFERENCE   |e Perbadanan Perpustakaan Awam Johor 
999 |a 0000991010   |b Book   |c REFERENCE   |e Perbadanan Perpustakaan Awam Johor 
999 |a CD00991006   |b CD-ROM   |c REFERENCE   |e Perbadanan Perpustakaan Awam Johor 
999 |a CD00991007   |b CD-ROM   |c REFERENCE   |e Perbadanan Perpustakaan Awam Johor 
999 |a CD00991008   |b CD-ROM   |c REFERENCE   |e Perbadanan Perpustakaan Awam Johor 
999 |a CD00991009   |b CD-ROM   |c REFERENCE   |e Perbadanan Perpustakaan Awam Johor 
999 |a CD00991010   |b CD-ROM   |c REFERENCE   |e Perbadanan Perpustakaan Awam Johor